Seal Team Six Memoirs fo an Elite Navy Seal Sniper. (Record no. 348704)

000 -LEADER
fixed length control field 00462 a2200169 4500
003 - CONTROL NUMBER IDENTIFIER
control field OSt
005 - DATE AND TIME OF LATEST TRANSACTION
control field 20180116182927.0
008 - FIXED-LENGTH DATA ELEMENTS--GENERAL INFORMATION
fixed length control field 160502b xxu||||| |||| 00| 0 eng d
040 ## - CATALOGING SOURCE
Transcribing agency 0
100 ## - MAIN ENTRY--PERSONAL NAME
Personal name Hoeard E. Wasdin
110 ## - MAIN ENTRY--CORPORATE NAME
Corporate name or jurisdiction name as entry element Stephen Templin
245 ## - TITLE STATEMENT
Title Seal Team Six Memoirs fo an Elite Navy Seal Sniper.
Statement of responsibility, etc. Hoeard E. Wasdin
260 ## - PUBLICATION, DISTRIBUTION, ETC.
Place of publication, distribution, etc. Sphere
Date of publication, distribution, etc. 2011
600 ## - SUBJECT ADDED ENTRY--PERSONAL NAME
Personal name Hoeard E. Wasdin
700 ## - ADDED ENTRY--PERSONAL NAME
Personal name Hoeard E. Wasdin
942 ## - ADDED ENTRY ELEMENTS (KOHA)
Institution code [OBSOLETE] NBS
Koha item type Book
Call number prefix 359.0092 WAS
Source of classification or shelving scheme
Holdings
Withdrawn status Lost status Damaged status Not for loan Permanent Location Current Location Date acquired Total Checkouts Total Renewals Full call number Barcode Date last seen Date last checked out Price effective from Koha item type
        Central Library (CL) Central Library (CL) 08/28/2013 9 1 359.0092 WAS NBS8627 08/29/2025 07/12/2025 08/28/2013 Book
© 2023 Central Library, National University of Sciences and Technology. All Rights Reserved.